000
00271nam a2200121Ia 4500
008
220120s9999||||xx |||||||||||||| ||und||
020
_a
1864489294
082
_a
510 CHA
100
_a
K.S.C
245
0
_a
Engineering mathematics I
260
_c
2003
300
_a
156p.
_b
0
999
_c
136546
_d
136546